| 000 | 00700nam a2200217 a 4500 | ||
|---|---|---|---|
| 005 | 20210223130608.0 | ||
| 008 | 080821s1983 mx r 000 0 spa d | ||
| 035 | _aUPN01000159396 | ||
| 049 | _aUNE | ||
| 080 | _a373.22/. 23 (87)=20 FIS No.123. | ||
| 100 | 1 | _aFisk, Dave | |
| 245 | 1 | 0 |
_aDay care homes in Venezuela: _bresults of a comprehensive evaluation / _cby Dave Fisk. |
| 260 |
_aParís : _bUNESCO ; _aNew York : _bUNICEF, _c1983. |
||
| 300 | _a11 p. | ||
| 440 | 0 |
_aNotes, comments... ; _v123 |
|
| 690 | _aGuarderias infantiles - Venezuela | ||
| 690 | _aNiños de edad preescolar - Venezuela | ||
| 710 | 2 |
_aUNICEF _924085 |
|
| 710 | 2 | _aPrograma de Alimentación Mundial | |
| 905 | _aUNESCO | ||
| 999 |
_c131510 _d131510 |
||